书目信息 |
| 题名: |
第二国际史
|
|
| 作者: | Л·И·祖波克 主编 ;南开大学外文系 译 | |
| 分册: | 第二卷 | |
| 出版信息: | 北京 人民出版社 1984.12 |
|
| 页数: | 804页 | |
| 开本: | 20cm | |
| 丛书名: | ||
| 单 册: | ||
| 中图分类: | D14 | |
| 科图分类: | ||
| 主题词: | 国际共产主义运动 | |
| 电子资源: | ||
| ISBN: | ||
| 000 | 00686nam0 2200229 45 | |
| 001 | 0303191421 | |
| 005 | 20031219104107.1 | |
| 010 | @dCNY3.90 | |
| 091 | @a11001.671 | |
| 100 | @a20030319d1984 km y0chiy0120 ea | |
| 101 | 0 | @achi |
| 105 | @a z 000yy | |
| 200 | 1 | @a第二国际史@ADi Er Guo Ji Shi@h第二卷@f(苏)Л·И·祖波克主编@F(Su)Л·И·Zu Bo Ke Zhu Bian@g南开大学外文系译 |
| 210 | @a北京@c人民出版社@d1984.12 | |
| 215 | @a804页@d20cm | |
| 300 | @a只限国内发行 | |
| 606 | 0 | @a国际共产主义运动 |
| 690 | @aD14@v3 | |
| 701 | 0 | @aЛ·И·祖波克@4主编 |
| 712 | 02 | @a南开大学外文系@ANan Kai Da Xue Wai Wen Xi@4译 |
| 801 | @aCN@bTSTC@c20030319 | |
| 905 | @f1@b127081@dD14@e3:2 | |
| 第二国际史.第二卷/(苏)Л·И·祖波克主编/南开大学外文系译.-北京:人民出版社,1984.12 |
| 804页;20cm |
| 只限国内发行 |
| ISBN :CNY3.90 |
| ● |
| 相关链接 |
|
|
|
|
正题名:第二国际史
索取号:D14/3:2
 
预约/预借
| 序号 | 登录号 | 条形码 | 馆藏地/架位号 | 状态 | 备注 |
| 1 | 0127081 | 001768689 | 密集书库/ [索取号:D14/3:2] | 在馆 | |
| 2 | 0127082 | 002050951 | 第一样本阅览室/ [索取号:D14/3:2] | 在馆 |